|
|
|
|
| LEADER |
01130cam a2200301 a 4500 |
| 001 |
36638 |
| 003 |
BD-DhAAL |
| 005 |
20191119154801.0 |
| 008 |
881117s1987 maua b 001 0 eng |
| 999 |
|
|
|c 41850
|d 41850
|
| 010 |
|
|
|a 87177626
|
| 020 |
|
|
|a 087250068X
|
| 040 |
|
|
|a DLC
|c DLC
|d DLC
|d BD-DhAAL
|
| 050 |
0 |
0 |
|a BF39
|b .H69 1987
|
| 082 |
0 |
0 |
|a 519.502415
|2 20
|
| 100 |
1 |
|
|a Howell, David C.
|9 37388
|
| 245 |
1 |
0 |
|a Statistical methods for psychology /
|c David C. Howell.
|
| 250 |
|
|
|a Second edition
|
| 260 |
|
|
|a Boston :
|b Duxbury Press,
|c c1987.
|
| 300 |
|
|
|a xii, 636 pages :
|b illustrations ;
|c 25 cm.
|
| 500 |
|
|
|a Includes index.
|
| 504 |
|
|
|a Includes bibliographical references (pages 604-611).
|
| 526 |
|
|
|a ESS
|
| 541 |
|
|
|a Complimentary copy from Professor Dr. Nasreen Khundker
|e 36638
|
| 650 |
|
0 |
|a Psychology
|x Statistical methods.
|9 37389
|
| 852 |
|
|
|a Ayesha Abed Library
|c General Stacks
|
| 942 |
|
|
|2 ddc
|c BK
|
| 952 |
|
|
|0 0
|1 0
|2 ddc
|4 0
|6 519_502415000000000_HOW
|7 0
|9 67210
|a BRACUL
|b BRACUL
|c GEN
|d 2019-11-19
|e Complimentary copy from Professor Dr. Nasreen Khundker
|l 0
|o 519.502415 HOW
|p 3010036638
|r 2019-11-19
|t 1
|w 2019-11-19
|y BK
|